Szczegóły MARC21

Zabawy, zabawki, dzieci /

003 -Nazwa inst., której nr kontr. jest w polu 001 [,]
    • @
    • Nazwa instytucji, której n kontrolny jest w polu 001
    • NUKAT
005 -DATA I CZAS OSTATNIEJ MODYFIKACJI [,]
    • @
    • pole kontrolne
    • 20241231094351.0
040 -Instytucja sporządzająca opis [ , ]
    • a
    • Instytucja, która sporządziła opis (NP)
    • TOR U/PDAG
    • c
    • Instytucja, która sporządziła rekord (NP)
    • TOR U/PDJR
    • d
    • Instytucja, która zmodyfikowała rekord (P)
    • TOR U/AP
    • d
    • Instytucja, która zmodyfikowała rekord (P)
    • GD U/ISSs
942 -Rodzaj dokumentu [ , ]
    • c
    • Rodzaj dokumentu
    • Książka
100 -Hasło główne - nazwa osobowa [1, ]
    • a
    • Nazwa osobowa (NP)
    • Merżan, Ida
    • d
    • Daty biograficzne (NP)
    • (1907-1987).
    • 9
    • KHW
    • 31570
245 -Strefa tytułu i oznaczenia odpowiedzialności [1,0]
    • a
    • Tytuł
    • Zabawy, zabawki, dzieci / Find
    • c
    • Pozostałe elementy strefy tytułu i oznaczenia odpowiedzialności (NP)
    • Ida Merżan.
260 -Strefa adresu wydawniczego [ , ]
    • a
    • Miejsce wydania (P)
    • Warszawa :
    • b
    • Nazwa wydawcy (P)
    • Nasza Księgarnia,
    • c
    • Data wydania (P)
    • 1967.
300 -Strefa opisu fizycznego [ , ]
    • a
    • Określenie formy książki i/lub objętość (NP)
    • 104, [4] s. :
    • b
    • Oznaczenie ilustracji (NP)
    • rys. ;
    • c
    • Format (NP)
    • 21 cm.
336 -Typ zawartości [ , ]
    • a
    • Termin opisujący typ zawartości
    • Tekst
    • b
    • Kod określający zawartość
    • txt
    • 2
    • Źródło (terminu i kodu)
    • rdacontent
337 -Typ mediów [ , ]
    • a
    • Tryb odtwarzania
    • Bez urządzenia pośredniczącego
    • b
    • Kod typu mediów
    • n
    • 2
    • Źródło (terminu i kodu)
    • rdamedia
338 -Typ/rodzaj nośnika [ , ]
    • a
    • Hasło opisujące typ nośnika
    • Wolumin
    • b
    • Kod typu nośnika
    • nc
    • 2
    • Źródło (terminu i kodu)
    • rdacarrier
504 -Uwaga dot. bibliogr. załącznikowej [ , ]
    • a
    • Uwaga dot. bibliografii załącznikowej
    • Bibliogr. s. [106].
080 -Uniwersalna Klasyfikacja Dziesiętna [ , ]
    • a
    • Symbol klasyfikacji
    • 159.922.7
    • 9
    • UKD
    • 2421
    • 2
    • Identyfikator wydania tablic
    • UDC-P058
    • b
    • Dopowiedzenie
    • Psychologia dziecka.
080 -Uniwersalna Klasyfikacja Dziesiętna [ , ]
    • a
    • Symbol klasyfikacji
    • :372.3
080 -Uniwersalna Klasyfikacja Dziesiętna [ , ]
    • a
    • Symbol klasyfikacji
    • :793.4/.7-053.4
650 -Hasło przedmiotowe [ ,7]
    • a
    • Hasło przedmiotowe
    • Gry.
    • 2
    • Źródło terminu
    • kaba
    • 9
    • KHW
    • 110659
650 -Hasło przedmiotowe [ ,7]
    • a
    • Hasło przedmiotowe
    • Zabawa.
    • 2
    • Źródło terminu
    • kaba
    • 9
    • KHW
    • 137170
650 -Hasło przedmiotowe [ ,7]
    • a
    • Hasło przedmiotowe
    • Zabawki.
    • 2
    • Źródło terminu
    • kaba
    • 9
    • KHW
    • 137173
650 -Hasło przedmiotowe [ ,7]
    • a
    • Hasło przedmiotowe
    • Dzieci
    • x
    • Określnik rzeczowy
    • rekreacja.
    • 2
    • Źródło terminu
    • kaba
    • 9
    • KHW
    • 106867
650 -Hasło przedmiotowe [ ,7]
    • a
    • Hasło przedmiotowe
    • Dzieci
    • x
    • Określnik rzeczowy
    • psychologia.
    • 2
    • Źródło terminu
    • kaba
    • 9
    • KHW
    • 106862
980 -Symbol UKD [ , ]
    • a
    • UKD
    • 159.922.7:372.3:793.4/.7-053.4
Lokalizacja Data inwentaryzacji Status udost. Numer inwentarzowy
BG2004-10-271Pd.16476